Sports Quiz

Random Sports or Auto Racing Quiz

Google Earth NASCAR Tracks (Slideshow) Quiz Stats

Quiz not verified by Sporcle

Score 0/23 Timer 06:00
0 Plays Today
% Correct
Bristol Motor Speedway
95.3%
Indianapolis Motor Speedway
94.2%
Pocono Raceway
86%
Sonoma Raceway
85.1%
Martinsville Speedway
84%
Watkins Glen International
79.8%
Phoenix International Raceway
75.6%
Daytona International Speedway
74.9%
Kansas Speedway
74.6%
Charlotte Motor Speedway
73.2%
New Hampshire Motor Speedway
71.7%
Darlington Raceway
71.5%
% Correct
Dover International Speedway
69.9%
Texas Motor Speedway
68.4%
Talladega Superspeedway
68.2%
Chicagoland Speedway
67.1%
Auto Club Speedway
65.6%
Michigan International Speedway
64.5%
Richmond International Raceway
61.8%
Atlanta Motor Speedway
60.9%
Homestead-Miami Speedway
59.6%
Kentucky Speedway
56.1%
Las Vegas Motor Speedway
53.9%

You're not logged in!

Compare scores with friends on all Sporcle quizzes.
Sign Up with Email
OR
Log In

You Might Also Like...

Show Comments

Extras

Top Quizzes Today


Score Distribution

Your Account Isn't Verified!

In order to create a playlist on Sporcle, you need to verify the email address you used during registration. Go to your Sporcle Settings to finish the process.